Countries by Non-Capital City Quiz Stats

 Plays Quiz not verified by Sporcle

Support Sporcle.
Go Orange.
Score 0/30 Timer 07:00
0 Plays Today
% Correct
Canada
100%
Vietnam
100%
Turkey
100%
Australia
100%
Mexico
99.1%
France
99.1%
China
99.1%
Italy
99.1%
Russia
99.1%
Saudi Arabia
99.1%
India
99.1%
Israel
99.1%
United Kingdom
98.2%
Belgium
98.2%
Poland
98.2%
% Correct
New Zealand
98.2%
Germany
97.3%
Japan
97.3%
Morocco
96.4%
Spain
96.4%
United States
96.4%
Ukraine
96.4%
Nigeria
95.5%
Brazil
93.8%
Iraq
92%
Mali
92%
Libya
91.1%
Colombia
89.3%
Tunisia
78.6%
South Sudan
73.2%

You're not logged in!

Compare scores with friends on all Sporcle quizzes.
OR
Log In

From the Vault

Presidential Politics II

by JayMind

"Being president is like being a jackass in a hailstorm. There's nothing to do but to stand there and take it." - LBJ
Remove Ads.
Support Sporcle.
Get the best of Sporcle when you Go Orange. This ad-free experience offers more features, more stats, and more fun while also helping to support Sporcle. Thank you for becoming a member.

Show Comments

Extras

Top Quizzes Today


Score Distribution

Your Account Isn't Verified!

In order to create a playlist on Sporcle, you need to verify the email address you used during registration. Go to your Sporcle Settings to finish the process.

Report this User

Report this user for behavior that violates our Community Guidelines.

Details: